| 000 | 00545nam a2200169Ia 4500 | ||
|---|---|---|---|
| 008 | 220216s9999 xx 000 0 und d | ||
| 100 | _aReghu C P | ||
| 245 | 0 | _aEarly detection of wood quality in Hevea brasiliensis (Rubber wood) using cinnamyl alcohol dehydrogenase (CAD) activity and lignification | |
| 260 |
_bJournal of the Indian Academy of Wood Science _c2011 |
||
| 300 | _a177-183 | ||
| 650 | _aCAD activity | ||
| 650 | _aLignification | ||
| 650 | _aRubberwood | ||
| 650 | _aWild germplasm | ||
| 650 | _aWood quality | ||
| 942 | _cBS | ||
| 999 |
_c51516 _d51516 |
||